| 000 | 00558nam a22001937a 4500 | ||
|---|---|---|---|
| 003 | NUST | ||
| 005 | 20230126155429.0 | ||
| 008 | 190703b ||||| |||| 00| 0 eng d | ||
| 038 | _aMr. Zahoor | ||
| 082 | _a150.1 | ||
| 100 |
_aMedhet, Sara _916501 |
||
| 245 |
_aDynamics of Coherent State Wave Packets in Gravitational Cavity _cSara, Medhet |
||
| 260 |
_aIslambad : _bSNS - NUST, _c2014. |
||
| 300 |
_avi, 59 p. : ill. ; _c30cm. |
||
| 500 | _aHardcover. | ||
| 650 |
_aPhysics - M. Phil _916502 |
||
| 700 |
_aDr. Shahid Iqbal _916468 |
||
| 942 |
_2ddc _cTHE |
||
| 999 |
_c525589 _d525589 |
||